| 000 | 00981nam a22002537a 4500 | ||
|---|---|---|---|
| 005 | 20120216125028.0 | ||
| 008 | 120216s2012 FLU|||||d|||| 001 0 eng d | ||
| 020 | _a1420043048 | ||
| 020 | _a9781420043044 | ||
| 082 |
_222 _a621.3822 _bSWA |
||
| 100 |
_928944 _aSwanson, David C. |
||
| 245 |
_aSignal Processing for Intelligent Sensor Systems with MATLAB / _cDavid C. Swanson |
||
| 250 | _a2nd ed. | ||
| 260 |
_aBoca Raton, Fla. : _bCRC, _c2012 |
||
| 300 |
_axvii, 665 p. : _bill. ; _c26 cm. |
||
| 504 | _aIncludes bibliographical references and index. | ||
| 650 |
_923318 _aSignal processing _xDigital techniques. |
||
| 650 |
_919033 _aIntelligent control systems |
||
| 650 |
_928048 _aDetectors. |
||
| 650 |
_928945 _aAdaptive signal processing |
||
| 653 |
_bEle _cFebruary2012 |
||
| 942 |
_2ddc _cBB |
||
| 999 |
_c16473 _d16473 |
||